Gaming Quiz

Random Gaming or Video Games Quiz

Classic Fighting Games Slideshow Quiz Stats

Quiz Updated Mar 1, 2016

Also try: Racing Video Games
Challenge
Share
Tweet
Score 0/20 Timer 10:00
17 Plays Today
% Correct
Mortal Kombat II
94.9%
Street Fighter II
92.8%
Super Smash Bros. Melee
67%
Tekken 3
62.9%
Marvel vs. Capcom 2
59.9%
SoulCalibur
48.9%
Dead or Alive 2
47.4%
Clayfighter
44.6%
Killer Instinct
41.2%
Shaq-Fu
36.7%
% Correct
Naruto: Clash of Ninja
32.2%
Virtua Fighter 5
31.7%
Primal Rage
29.2%
Samurai Shodown
26.4%
BlazBlue: Calamity Trigger
25.5%
The King of Fighters '94
23.4%
Pit Fighter
20.4%
Darkstalkers
19%
Guilty Gear XX
14.2%
Bushido Blade
14%

You're not logged in!

Compare scores with friends on all Sporcle quizzes.
Sign Up with Email
OR
Log In

You Might Also Like...

Show Comments

Extras

Top Quizzes Today


Score Distribution

Your Account Isn't Verified!

In order to create a playlist on Sporcle, you need to verify the email address you used during registration. Go to your Sporcle Settings to finish the process.